000
00201nam a22000977a 4500
008
171024b xxu||||| |||| 00| 0 eng d
020
_a
mi0023836397
041
_a
eng
080
_2
2ND
_a
311
100
_a
55
999
_c
35709
_d
35709